LIBRARY & INFORMATION CENTRE, KCAET, TAVANUR

ONLINE PUBLIC ACCESS CATALOGUE (OPAC)

Machine tool operation / (Record no. 5674)

MARC details
000 -LEADER
fixed length control field 00468cam a2200181ua 4500
041 ## - LANGUAGE CODE
Language code of text/sound track or separate title eng
082 ## - DEWEY DECIMAL CLASSIFICATION NUMBER
Classification number 621.902
Item number BUR/MA
100 ## - MAIN ENTRY--AUTHOR NAME
Personal name Burghardt, Henry D.
245 ## - TITLE STATEMENT
Title Machine tool operation /
250 ## - EDITION STATEMENT
Edition statement 1 /
260 ## - PUBLICATION, DISTRIBUTION, ETC. (IMPRINT)
Place of publication New York :
Name of publisher McGraw Hill Book Company ,
Year of publication 1954.
300 ## - PHYSICAL DESCRIPTION
Number of Pages 681 ; .
700 1# - ADDED ENTRY--PERSONAL NAME
Personal name Anderson, James .
700 1# - ADDED ENTRY--PERSONAL NAME
Personal name Axelord, Aaron .
942 ## - ADDED ENTRY ELEMENTS (KOHA)
Koha item type Books
Holdings
Withdrawn status Lost status Damaged status Home library Current library Date acquired Full call number Accession Number Koha item type Cost, normal purchase price
Withdrawn     KAUAET KAUAET 07/04/2012 621.902 774 Books  
Withdrawn   Damaged KAUAET KAUAET 23/10/2019 621.902 BUR/MA 773 Books 11.75
free website counter